[Event "IND-ch 59th"]
[Site "New Delhi"]
[Date "2022.12.25"]
[Round "4"]
[White "Sanket, Chakravarty"]
[Black "Kishan, Gangolli"]
[Result "1-0"]
[WhiteElo "2367"]
[BlackElo "2059"]
[PlyCount "80"]
[EventDate "2022.12.22"]
[EventType "swiss"]
[EventRounds "13"]
[EventCountry "IND"]
[SourceTitle "CBM 211 Extra"]
[Source "ChessBase"]
[SourceDate "2023.01.31"]
[SourceVersion "1"]
[SourceVersionDate "2023.01.31"]
[SourceQuality "1"]

1. c4 e6 2. d4 Nf6 3. g3 d5 4. Bg2 dxc4 5. Qa4+ Bd7 6. Qxc4 Bc6 7. Nf3 Nbd7 8. Nc3 Bd6 9. Qd3 Bxf3 10. Bxf3 c6 11. 0-0 0-0 12. Be3 Qe7 13. Rfd1 Rfd8 14. Rac1 h6 15. Bg2 Nb6 16. a4 a5 17. b3 Nbd5 18. Bd2 Nb4 19. Qc4 e5 20. Be3 Ng4 21. dxe5 Nxe5 22. Qe4 Nd7 23. Qg4 Nf6 24. Qc4 Qe6 25. Qxe6 fxe6 26. Bb6 Rd7 27. e4 Be5 28. Ne2 Ra6 29. Be3 Ra8 30. Rxd7 Nxd7 31. Rd1 Nf6 32. Bb6 Na6 33. Bxa5 Nc5 34. Bb6 Nxb3 35. f4 Bb8 36. Rd8+ Kf7 37. e5 Nd5 38. Bxd5 cxd5 39. Rd7+ Kg6 40. Rxb7 Kf5 1-0

[Event "IBCA World-chT blind 9th"]
[Site "Ohrid"]
[Date "2022.07.04"]
[Round "7.1"]
[White "Kishan, Gangolli"]
[Black "Culjak, Miso"]
[Result "1-0"]
[WhiteElo "2092"]
[BlackElo "1675"]
[PlyCount "49"]
[EventDate "2022.06.28"]
[EventType "team-swiss"]
[EventRounds "9"]
[EventCountry "MKD"]
[SourceTitle "EXT 2024"]
[Source "ChessBase"]
[SourceDate "2023.10.10"]
[SourceVersion "1"]
[SourceVersionDate "2023.10.10"]
[SourceQuality "1"]
[WhiteTeam "India"]
[BlackTeam "Croatia"]
[WhiteTeamCountry "IND"]
[BlackTeamCountry "CRO"]

1. d4 e6 2. c4 d5 3. Nc3 Nf6 4. Nf3 c6 5. e3 Be7 6. Be2 Nbd7 7. 0-0 0-0 8. b3 Bb4 9. Bb2 Re8 10. Qc2 e5 11. dxe5 Nxe5 12. Nxe5 Rxe5 13. Nxd5 Bd6 14. Nxf6+ gxf6 15. Bxe5 Bxe5 16. Rad1 Qf8 17. Bd3 Qh6 18. f4 Bc7 19. Bf5 Be6 20. Rf3 Bxf5 21. Qxf5 Kh8 22. Rh3 Qg6 23. Qxg6 fxg6 24. Rd7 Bb6 25. Rdxh7+ 1-0

[Event "IBCA World-chT blind 9th"]
[Site "Ohrid"]
[Date "2022.06.29"]
[Round "2.2"]
[White "Kishan, Gangolli"]
[Black "Casadei, Marco"]
[Result "1/2-1/2"]
[WhiteElo "2092"]
[BlackElo "1987"]
[PlyCount "87"]
[EventDate "2022.06.28"]
[EventType "team-swiss"]
[EventRounds "9"]
[EventCountry "MKD"]
[SourceTitle "EXT 2024"]
[Source "ChessBase"]
[SourceDate "2023.10.10"]
[SourceVersion "1"]
[SourceVersionDate "2023.10.10"]
[SourceQuality "1"]
[WhiteTeam "India"]
[BlackTeam "Italy"]
[WhiteTeamCountry "IND"]
[BlackTeamCountry "ITA"]

1. d4 Nf6 2. c4 g6 3. Nc3 Bg7 4. e4 d6 5. Be2 0-0 6. Be3 Na6 7. Nf3 c5 8. d5 e6 9. Nd2 exd5 10. cxd5 Re8 11. 0-0 Bd7 12. a4 Nb4 13. Nc4 Qc7 14. Bf4 Nxe4 15. Nxe4 Rxe4 16. Bxd6 Qc8 17. Bg3 Rd4 18. Qb3 Rxd5 19. Nd6 Qf8 20. Rad1 Be6 21. Bc4 Rxd1 22. Rxd1 Bxc4 23. Qxc4 b6 24. Qe4 Rd8 25. Qb7 Bd4 26. Qc7 Nd5 27. Qc6 Nf6 28. h3 Bxb2 29. a5 Bd4 30. axb6 axb6 31. Qxb6 Qe7 32. Kf1 Nh5 33. Bh2 Qf6 34. Rxd4 cxd4 35. Be5 Qxe5 36. Qxd8+ Kg7 37. Qh8+ Kxh8 38. Nxf7+ Kg7 39. Nxe5 Nf4 40. g3 Nxh3 41. Nf3 Kf6 42. Nxd4 Ng5 43. Kg2 h5 44. Nf3 1/2-1/2

[Event "IBCA World-chT blind 9th"]
[Site "Ohrid"]
[Date "2022.06.28"]
[Round "1.4"]
[White "Capanov, Mile"]
[Black "Kishan, Gangolli"]
[Result "1-0"]
[WhiteElo "1951"]
[BlackElo "2092"]
[PlyCount "36"]
[EventDate "2022.06.28"]
[EventType "team-swiss"]
[EventRounds "9"]
[EventCountry "MKD"]
[SourceTitle "EXT 2024"]
[Source "ChessBase"]
[SourceDate "2023.10.10"]
[SourceVersion "1"]
[SourceVersionDate "2023.10.10"]
[SourceQuality "1"]
[WhiteTeam "Macedonia"]
[BlackTeam "India"]
[WhiteTeamCountry "MKD"]
[BlackTeamCountry "IND"]

1. e4 e6 2. d4 d5 3. exd5 exd5 4. Nf3 Nf6 5. c4 Bb4+ 6. Nc3 0-0 7. a3 Re8+ 8. Be3 Bf8 9. Bd3 Be6 10. Qb3 c6 11. 0-0 Nbd7 12. Ne2 Nb6 13. a4 a5 14. cxd5 Nfxd5 15. Qc2 Qc7 16. Rad1 Rad8 17. Bd2 Nb4 18. Bxb4 axb4 1-0

[Event "Budapest Vezerkepzo IM 11th"]
[Site "Budapest"]
[Date "2021.10.30"]
[Round "5"]
[White "Issa, Rafat"]
[Black "Kishan, Gangolli"]
[Result "1-0"]
[WhiteElo "2357"]
[BlackElo "2123"]
[PlyCount "107"]
[EventDate "2021.10.26"]
[EventType "tourn"]
[EventRounds "9"]
[EventCountry "HUN"]
[EventCategory "1"]
[SourceTitle "CBM 205 Extra"]
[Source "ChessBase"]
[SourceDate "2022.01.31"]
[SourceVersion "1"]
[SourceVersionDate "2022.01.31"]
[SourceQuality "1"]

1. c4 e6 2. Nf3 Nf6 3. g3 d5 4. b3 d4 5. Bg2 c5 6. 0-0 Nc6 7. d3 Bd6 8. e4 0-0 9. Na3 h6 10. Nc2 a5 11. a3 e5 12. Nh4 Re8 13. Bd2 Kh7 14. Rb1 g6 15. b4 axb4 16. axb4 b6 17. b5 Na5 18. f4 exf4 19. e5 Bg4 20. Qc1 Bxe5 21. Bxa8 Qxa8 22. Bxf4 Bxf4 23. Qxf4 Re6 24. Rbe1 g5 25. Qc7 Qe8 26. Rxe6 Qxe6 27. Re1 Qd7 28. Qxb6 Kg7 29. Ng2 Nb3 30. Rf1 Qe7 31. Re1 Qd7 32. Qc6 Qd8 33. b6 Nd2 34. Qxc5 Nf3+ 35. Kf2 Nd7 36. Qd6 Nxe1 37. Qxd4+ Kg8 38. Kxe1 Qxb6 39. Qxb6 Nxb6 40. Nge3 Be6 41. g4 Kg7 42. Nd4 Bd7 43. c5 Nc8 44. Ndf5+ Kf6 45. Nxh6 Ke5 46. Nxf7+ Kd4 47. Kd2 Kxc5 48. Nxg5 Ne7 49. h4 Kd6 50. Ne4+ Ke5 51. h5 Be8 52. Nc4+ Kf4 53. Ncd6 Kxg4 54. Nf6+ 1-0

[Event "Budapest Vezerkepzo IM 10th"]
[Site "Budapest"]
[Date "2021.10.20"]
[Round "7"]
[White "Kishan, Gangolli"]
[Black "Adarsh, Tripathi"]
[Result "1/2-1/2"]
[WhiteElo "2128"]
[BlackElo "2115"]
[PlyCount "22"]
[EventDate "2021.10.14"]
[EventType "tourn"]
[EventRounds "9"]
[EventCountry "HUN"]
[SourceTitle "CBM 204 Extra"]
[Source "ChessBase"]
[SourceDate "2021.11.30"]
[SourceVersion "1"]
[SourceVersionDate "2021.11.30"]
[SourceQuality "1"]

1. d4 Nf6 2. c4 g6 3. Nc3 d5 4. cxd5 Nxd5 5. Bd2 Bg7 6. e4 Nxc3 7. Bxc3 0-0 8. Qd2 b6 9. Nf3 e6 10. Rd1 Bb7 11. Bd3 Nd7 1/2-1/2

[Event "Budapest Vezerkepzo IM 10th"]
[Site "Budapest"]
[Date "2021.10.19"]
[Round "6"]
[White "Pasti, Aron"]
[Black "Kishan, Gangolli"]
[Result "1-0"]
[WhiteElo "2253"]
[BlackElo "2128"]
[PlyCount "60"]
[EventDate "2021.10.14"]
[EventType "tourn"]
[EventRounds "9"]
[EventCountry "HUN"]
[SourceTitle "CBM 204 Extra"]
[Source "ChessBase"]
[SourceDate "2021.11.30"]
[SourceVersion "1"]
[SourceVersionDate "2021.11.30"]
[SourceQuality "1"]

1. e4 e6 2. d4 d5 3. Nc3 Bb4 4. e5 c5 5. Bd2 Ne7 6. a3 Bxc3 7. Bxc3 b6 8. Bb5+ Bd7 9. Bd3 Nbc6 10. f4 Nxd4 11. Bxd4 cxd4 12. Nf3 Ng6 13. Qd2 f5 14. Nxd4 a6 15. 0-0-0 0-0 16. g4 fxg4 17. Bxg6 hxg6 18. h4 Rf5 19. Rdg1 Rh5 20. Rxg4 Rh6 21. Rhg1 Qe7 22. Qg2 Rf8 23. h5 Rxh5 24. Rxg6 Rh7 25. f5 exf5 26. Qxd5+ Kh8 27. e6 Be8 28. Nxf5 Qc5 29. Qxc5 bxc5 30. R6g5 Rh5 1-0

[Event "Budapest Vezerkepzo IM 10th"]
[Site "Budapest"]
[Date "2021.10.18"]
[Round "5"]
[White "Kishan, Gangolli"]
[Black "Akshit, Kumar J"]
[Result "1-0"]
[WhiteElo "2128"]
[BlackElo "2044"]
[PlyCount "59"]
[EventDate "2021.10.14"]
[EventType "tourn"]
[EventRounds "9"]
[EventCountry "HUN"]
[SourceTitle "CBM 204 Extra"]
[Source "ChessBase"]
[SourceDate "2021.11.30"]
[SourceVersion "1"]
[SourceVersionDate "2021.11.30"]
[SourceQuality "1"]

1. d4 d5 2. c4 c6 3. Nc3 Nf6 4. e3 e6 5. Nf3 Nbd7 6. Be2 Bd6 7. 0-0 0-0 8. b3 Qe7 9. Bb2 b6 10. Bd3 Bb7 11. Re1 Rad8 12. e4 dxe4 13. Nxe4 Nxe4 14. Bxe4 Nf6 15. Bc2 Ba3 16. Bc3 Bb4 17. Qd3 h6 18. Rad1 Rfe8 19. Re2 Qd6 20. Bb2 Qe7 21. Ne5 Ba3 22. Ba1 c5 23. Ng4 cxd4 24. Bxd4 Ne4 25. Rxe4 Bxe4 26. Qxe4 f5 27. Nxh6+ gxh6 28. Qe5 Qh7 29. Rd3 Kf7 30. Qf6+ 1-0

[Event "Online Olym Disabilities"]
[Site "Tornelo INT"]
[Date "2020.11.27"]
[Round "7.4"]
[White "Kishan, Gangolli"]
[Black "Pakhomov, Alexey"]
[Result "1/2-1/2"]
[WhiteElo "2128"]
[BlackElo "2315"]
[PlyCount "22"]
[EventDate "2020.11.21"]
[EventType "team-swiss (rapid)"]
[EventRounds "7"]
[EventCountry "NET"]
[SourceTitle "CBM 199 Extra"]
[Source "ChessBase"]
[SourceDate "2021.01.31"]
[SourceVersion "1"]
[SourceVersionDate "2021.01.31"]
[SourceQuality "1"]
[WhiteTeam "India"]
[BlackTeam "Russia II"]
[WhiteTeamCountry "IND"]
[BlackTeamCountry "RUS"]

1. d4 c5 2. d5 e5 3. e4 d6 4. Be2 Be7 5. Nf3 Nf6 6. Nc3 Bg4 7. Nd2 Bxe2 8. Qxe2 Nbd7 9. 0-0 0-0 10. a4 Ne8 11. Nc4 Bg5 1/2-1/2

[Event "Online Olym Disabilities"]
[Site "Tornelo INT"]
[Date "2020.11.25"]
[Round "5.2"]
[White "Kishan, Gangolli"]
[Black "Dukaczewski, Piotr"]
[Result "1/2-1/2"]
[WhiteElo "2128"]
[BlackElo "2163"]
[PlyCount "61"]
[EventDate "2020.11.21"]
[EventType "team-swiss (rapid)"]
[EventRounds "7"]
[EventCountry "NET"]
[SourceTitle "CBM 199 Extra"]
[Source "ChessBase"]
[SourceDate "2021.01.31"]
[SourceVersion "1"]
[SourceVersionDate "2021.01.31"]
[SourceQuality "1"]
[WhiteTeam "India"]
[BlackTeam "Poland II"]
[WhiteTeamCountry "IND"]
[BlackTeamCountry "POL"]

1. d4 d5 2. c4 dxc4 3. Nf3 a6 4. a4 Nf6 5. e3 e6 6. Bxc4 c5 7. 0-0 Nc6 8. Qe2 cxd4 9. Rd1 Be7 10. exd4 Nb4 11. Nc3 0-0 12. Ne5 Nfd5 13. Be3 b6 14. Nxd5 exd5 15. Bd3 Nxd3 16. Nc6 Qd6 17. Nxe7+ Qxe7 18. Rxd3 Bf5 19. Rc3 Qb4 20. Qd2 a5 21. Rc6 Qxd2 22. Bxd2 Rab8 23. b4 axb4 24. Bxb4 Rfc8 25. Rxc8+ Rxc8 26. a5 bxa5 27. Bxa5 h6 28. Bd2 Rc2 29. Be3 Bd3 30. Rc1 Rxc1+ 31. Bxc1 1/2-1/2

[Event "Litomysl op 20th"]
[Site "Litomysl"]
[Date "2020.01.01"]
[Round "9"]
[White "Khulapov, Vyacheslav"]
[Black "Kishan, Gangolli"]
[Result "1/2-1/2"]
[WhiteElo "2065"]
[BlackElo "2078"]
[PlyCount "50"]
[EventDate "2019.12.26"]
[EventType "swiss"]
[EventRounds "9"]
[EventCountry "CZE"]
[SourceTitle "CBM 194 Extra"]
[Source "ChessBase"]
[SourceDate "2020.03.31"]
[SourceVersion "1"]
[SourceVersionDate "2020.03.31"]
[SourceQuality "1"]

1. Nf3 d5 2. g3 c6 3. Bg2 Bg4 4. 0-0 Nd7 5. h3 Bh5 6. d3 e6 7. Nbd2 Bd6 8. e4 Ne7 9. Qe1 0-0 10. Nh4 Qc7 11. Nb3 Ng6 12. Nxg6 Bxg6 13. f4 f6 14. Be3 Rfe8 15. Qf2 Bf7 16. Rac1 e5 17. exd5 cxd5 18. fxe5 Bxe5 19. Bf4 Qb6 20. Qxb6 Nxb6 21. c3 Bxf4 22. Rxf4 Re2 23. Rf2 Re3 24. Rf3 Re2 25. Rf2 Re3 1/2-1/2

[Event "Litomysl op 20th"]
[Site "Litomysl"]
[Date "2019.12.29"]
[Round "6"]
[White "Tyutyunnikov, Alexey"]
[Black "Kishan, Gangolli"]
[Result "1/2-1/2"]
[WhiteElo "2292"]
[BlackElo "2078"]
[PlyCount "42"]
[EventDate "2019.12.26"]
[EventType "swiss"]
[EventRounds "9"]
[EventCountry "CZE"]
[SourceTitle "CBM 194 Extra"]
[Source "ChessBase"]
[SourceDate "2020.03.31"]
[SourceVersion "1"]
[SourceVersionDate "2020.03.31"]
[SourceQuality "1"]

1. e4 e6 2. d4 d5 3. Nc3 Bb4 4. e5 c5 5. a3 Ba5 6. b4 cxd4 7. Nb5 Bc7 8. f4 Bd7 9. Nf3 Bxb5 10. Bxb5+ Nc6 11. Nxd4 Nge7 12. Be3 0-0 13. Nxc6 Nxc6 14. 0-0 Bb6 15. Qd2 Rc8 16. Bd3 f6 17. exf6 Rxf6 18. Kh1 Ne7 19. c3 Nf5 20. Bxf5 Rxf5 21. g4 Rf7 1/2-1/2

[Event "Litomysl op 20th"]
[Site "Litomysl"]
[Date "2019.12.28"]
[Round "4"]
[White "Kishan, Gangolli"]
[Black "Jedlicka, Ales"]
[Result "1/2-1/2"]
[WhiteElo "2078"]
[BlackElo "2248"]
[PlyCount "48"]
[EventDate "2019.12.26"]
[EventType "swiss"]
[EventRounds "9"]
[EventCountry "CZE"]
[SourceTitle "CBM 194 Extra"]
[Source "ChessBase"]
[SourceDate "2020.03.31"]
[SourceVersion "1"]
[SourceVersionDate "2020.03.31"]
[SourceQuality "1"]

1. d4 Nf6 2. c4 g6 3. Nc3 Bg7 4. e4 d6 5. Be2 0-0 6. Be3 e5 7. d5 Na6 8. g4 Nc5 9. f3 h5 10. g5 Nh7 11. h4 f6 12. gxf6 Bxf6 13. Bf2 a5 14. Qd2 Rf7 15. 0-0-0 a4 16. Kc2 Ra6 17. Qe1 Bd7 18. Nh3 Be7 19. Qg1 Rg7 20. Be3 Kh8 21. Ng5 Nxg5 22. hxg5 Kg8 23. Qg3 Bf8 24. Rdf1 Rf7 1/2-1/2

[Event "Litomysl op 20th"]
[Site "Litomysl"]
[Date "2019.12.27"]
[Round "3"]
[White "Kishan, Gangolli"]
[Black "Brozka, Karel"]
[Result "1-0"]
[WhiteElo "2078"]
[BlackElo "1918"]
[PlyCount "55"]
[EventDate "2019.12.26"]
[EventType "swiss"]
[EventRounds "9"]
[EventCountry "CZE"]
[SourceTitle "CBM 194 Extra"]
[Source "ChessBase"]
[SourceDate "2020.03.31"]
[SourceVersion "1"]
[SourceVersionDate "2020.03.31"]
[SourceQuality "1"]

1. d4 Nf6 2. c4 c5 3. d5 b5 4. cxb5 a6 5. bxa6 Bxa6 6. Nc3 d6 7. e4 Bxf1 8. Kxf1 g6 9. g3 Bg7 10. Nf3 Nbd7 11. Kg2 0-0 12. a4 Ra6 13. Qc2 Qa8 14. Nb5 Qb7 15. Ra3 Rfa8 16. b3 e6 17. dxe6 fxe6 18. Re1 Rf8 19. Bf4 d5 20. Bd6 dxe4 21. Ng5 Re8 22. Nxe4 Nd5 23. Qe2 Rb6 24. Kg1 Rc6 25. Qf3 c4 26. Ng5 Rxd6 27. Qf7+ Kh8 28. Qxe8+ 1-0

[Event "Paracin Summer op-A 12th"]
[Site "Paracin"]
[Date "2019.07.12"]
[Round "9"]
[White "Tadic, Stefan"]
[Black "Kishan, Gangolli"]
[Result "1/2-1/2"]
[WhiteElo "2262"]
[BlackElo "2035"]
[PlyCount "80"]
[EventDate "2019.07.05"]
[EventType "swiss"]
[EventRounds "9"]
[EventCountry "SRB"]
[SourceTitle "EXT 2022"]
[Source "ChessBase"]
[SourceDate "2021.10.06"]
[SourceVersion "1"]
[SourceVersionDate "2021.10.06"]
[SourceQuality "1"]

1. e4 e6 2. d4 d5 3. Nc3 Bb4 4. exd5 exd5 5. Bd3 Nc6 6. a3 Bxc3+ 7. bxc3 Nge7 8. Qf3 Be6 9. Nh3 Qd7 10. Ng5 0-0-0 11. Nxe6 Qxe6+ 12. Be3 g6 13. 0-0 Nf5 14. Rfe1 Rde8 15. Bd2 Qd7 16. Reb1 Nh4 17. Qf6 Nf5 18. Bf4 Rhg8 19. Re1 Re6 20. Qg5 Rge8 21. Rxe6 Qxe6 22. Bd2 f6 23. Qf4 Nd6 24. Re1 Qf7 25. Rxe8+ Nxe8 26. h4 Nd6 27. Qh6 Ne7 28. h5 Ne4 29. hxg6 hxg6 30. Be1 Qe6 31. Kf1 Qf7 32. Qh3+ f5 33. Qh8+ Ng8 34. f3 Nef6 35. Bh4 Nd7 36. Kg1 c6 37. Bg5 b6 38. Qh2 Qe6 39. Qh7 Kb7 40. Kf1 a6 1/2-1/2

[Event "Paracin Summer op-A 12th"]
[Site "Paracin"]
[Date "2019.07.10"]
[Round "7"]
[White "Nestorovic, Dejan"]
[Black "Kishan, Gangolli"]
[Result "1/2-1/2"]
[WhiteElo "2341"]
[BlackElo "2035"]
[PlyCount "46"]
[EventDate "2019.07.05"]
[EventType "swiss"]
[EventRounds "9"]
[EventCountry "SRB"]
[SourceTitle "CBM 191 Extra"]
[Source "ChessBase"]
[SourceDate "2019.09.30"]
[SourceVersion "1"]
[SourceVersionDate "2019.09.30"]
[SourceQuality "1"]

1. d4 Nf6 2. c4 e6 3. Nf3 d5 4. Nc3 Be7 5. Bg5 h6 6. Bh4 0-0 7. e3 b6 8. Bd3 Bb7 9. 0-0 Nbd7 10. Qe2 c5 11. Rfd1 Ne4 12. Bg3 Nxc3 13. bxc3 cxd4 14. cxd4 dxc4 15. Bxc4 Nf6 16. Rac1 Rc8 17. Ba6 Qd5 18. Bc7 Ne4 19. Qb5 Qxb5 20. Bxb5 Ba3 21. Rc2 Bd6 22. Rdc1 Ba3 23. Rd1 Bd6 1/2-1/2

[Event "Paracin Summer op-A 12th"]
[Site "Paracin"]
[Date "2019.07.09"]
[Round "6"]
[White "Kishan, Gangolli"]
[Black "Eswaran, Ashritha"]
[Result "1-0"]
[WhiteElo "2035"]
[BlackElo "2257"]
[PlyCount "118"]
[EventDate "2019.07.05"]
[EventType "swiss"]
[EventRounds "9"]
[EventCountry "SRB"]
[SourceTitle "EXT 2020"]
[Source "ChessBase"]
[SourceDate "2019.10.17"]
[SourceVersion "1"]
[SourceVersionDate "2019.10.17"]
[SourceQuality "1"]

1. d4 d5 2. c4 e5 3. dxe5 d4 4. Nf3 Nc6 5. a3 Nge7 6. Bf4 Ng6 7. Bg3 h5 8. h3 h4 9. Bh2 Rh5 10. Qa4 Bd7 11. Qb3 a5 12. Nbd2 a4 13. Qd3 Be6 14. e3 dxe3 15. Qxe3 Ra5 16. 0-0-0 Qc8 17. Ne4 Ngxe5 18. Nxe5 Nxe5 19. Be2 Rh8 20. Rhe1 b6 21. Ng5 Bd6 22. f4 Ng6 23. Bd3 Ne7 24. Nxe6 Qxe6 25. Qxe6 fxe6 26. Rxe6 Kd7 27. Re2 Rf8 28. Bc2 Nf5 29. Re5 Kc8 30. Rxa5 bxa5 31. Rd5 Ng3 32. Bxg3 hxg3 33. f5 Re8 34. Kd1 Re5 35. Rxe5 Bxe5 36. Kc1 Bf4+ 37. Kb1 Kd7 38. Bxa4+ Kd6 39. Kc2 Kc5 40. Bb5 c6 41. Ba6 Be5 42. b3 Kd4 43. b4 axb4 44. axb4 c5 45. bxc5 Kxc5 46. Kd3 Bc7 47. Ke4 Kd6 48. Kf4 Ke7+ 49. Kg5 Be5 50. Kg6 Kf8 51. c5 Kg8 52. h4 Bd4 53. c6 Be5 54. h5 Kf8 55. Bc4 Ke7 56. f6+ gxf6 57. Kf5 Kf8 58. h6 Bc7 59. Kxf6 Bd8+ 1-0

[Event "Paracin Summer op-A 12th"]
[Site "Paracin"]
[Date "2019.07.05"]
[Round "1"]
[White "Kishan, Gangolli"]
[Black "Konaplev, Anton"]
[Result "1/2-1/2"]
[WhiteElo "2035"]
[BlackElo "2314"]
[PlyCount "41"]
[EventDate "2019.07.05"]
[EventType "swiss"]
[EventRounds "9"]
[EventCountry "SRB"]
[SourceTitle "EXT 2020"]
[Source "ChessBase"]
[SourceDate "2019.10.17"]
[SourceVersion "1"]
[SourceVersionDate "2019.10.17"]
[SourceQuality "1"]

1. d4 Nf6 2. c4 e6 3. Nc3 Bb4 4. e3 0-0 5. Bd2 d5 6. Nf3 b6 7. cxd5 exd5 8. Bd3 Bb7 9. Rc1 a6 10. Ne5 Bd6 11. f4 Nbd7 12. 0-0 Qe7 13. Qf3 Bb4 14. Qh3 Rfd8 15. Be1 Qd6 16. Bh4 h6 17. Nxd7 Qxd7 18. Qxd7 Rxd7 19. Bxf6 gxf6 20. Rf3 Re8 21. Nd1 1/2-1/2

[Event "Nis op"]
[Site "Nis"]
[Date "2019.06.25"]
[Round "1"]
[White "Maksimovic, Branimir"]
[Black "Kishan, Gangolli"]
[Result "1/2-1/2"]
[WhiteElo "2317"]
[BlackElo "2001"]
[PlyCount "51"]
[EventDate "2019.06.25"]
[EventType "swiss"]
[EventRounds "9"]
[EventCountry "SRB"]
[SourceTitle "EXT 2020"]
[Source "ChessBase"]
[SourceDate "2019.10.17"]
[SourceVersion "1"]
[SourceVersionDate "2019.10.17"]
[SourceQuality "1"]

1. d4 d6 2. c4 Nf6 3. Nc3 g6 4. Bf4 Bg7 5. Qd2 0-0 6. e4 c5 7. d5 b6 8. Nf3 Nbd7 9. Bd3 Ng4 10. Bc2 Ba6 11. Qe2 Bxc3+ 12. bxc3 Nge5 13. Nxe5 Nxe5 14. Bb3 e6 15. Bxe5 dxe5 16. Rd1 exd5 17. exd5 Qd6 18. 0-0 f6 19. f4 exf4 20. Qg4 g5 21. h4 h6 22. Qh5 Rf7 23. Qxh6 Rh7 24. Qg6+ Rg7 25. Qh5 Rh7 26. Qg6+ 1/2-1/2

[Event "IBCA Wch blind 14th"]
[Site "Cagliari"]
[Date "2019.04.11"]
[Round "6"]
[White "Kishan, Gangolli"]
[Black "Zsiltzova Lisenko, Lubov"]
[Result "1/2-1/2"]
[WhiteElo "1950"]
[BlackElo "2191"]
[PlyCount "73"]
[EventDate "2019.04.06"]
[EventType "swiss"]
[EventRounds "9"]
[EventCountry "ITA"]
[SourceTitle "CBM 189 Extra"]
[Source "ChessBase"]
[SourceDate "2019.06.03"]
[SourceVersion "1"]
[SourceVersionDate "2019.06.03"]
[SourceQuality "1"]

1. d4 d5 2. c4 dxc4 3. Nf3 Nf6 4. e3 Bg4 5. Bxc4 e6 6. h3 Bh5 7. 0-0 a6 8. Be2 Nc6 9. Nbd2 Be7 10. b3 0-0 11. Bb2 Nd5 12. Rc1 Bg6 13. a3 Bd6 14. b4 a5 15. b5 Nb8 16. Nc4 Nd7 17. Nfe5 Nxe5 18. Nxe5 Be4 19. Bf3 Bxf3 20. Qxf3 Bxe5 21. dxe5 Qe7 22. Rfd1 Rfd8 23. Rd4 Rd7 24. Qd1 Rad8 25. Qd2 Qg5 26. Rg4 Qe7 27. Qxa5 h5 28. Rd4 Nb6 29. Rcd1 Nc4 30. Qc3 Rxd4 31. Rxd4 Rxd4 32. exd4 Nb6 33. Qf3 Nc4 34. Qc3 Nb6 35. Qf3 Nc4 36. Qc3 Nb6 37. Qf3 1/2-1/2

[Event "Bengaluru Karnataka op"]
[Site "Bengaluru"]
[Date "2018.04.17"]
[Round "8"]
[White "Kishan, Gangolli"]
[Black "Chirag, Mudraje"]
[Result "1-0"]
[WhiteElo "1974"]
[BlackElo "1641"]
[PlyCount "45"]
[EventDate "2018.04.14"]
[EventType "swiss"]
[EventRounds "10"]
[EventCountry "IND"]
[SourceTitle "CBM 184 Extra"]
[Source "ChessBase"]
[SourceDate "2018.06.28"]
[SourceVersion "1"]
[SourceVersionDate "2018.06.28"]
[SourceQuality "1"]

1. d4 Nf6 2. c4 e6 3. Nf3 d5 4. Nc3 Be7 5. cxd5 exd5 6. Qc2 0-0 7. Bg5 Nbd7 8. e3 b6 9. Bd3 Bb7 10. 0-0 h6 11. Bh4 c5 12. Bf5 cxd4 13. Nxd4 Rc8 14. Rfd1 g5 15. Bg3 Rc5 16. Qe2 Qe8 17. Qf3 Bd8 18. Bb8 Ne5 19. Qh3 Kg7 20. Bc2 Bc8 21. Nf5+ Bxf5 22. Qxf5 Be7 23. Bxe5 1-0

[Event "IBCA-ol blind 15th"]
[Site "Ohrid"]
[Date "2017.06.27"]
[Round "8.3"]
[White "Chojnowski, Marcin"]
[Black "Kishan, Gangolli"]
[Result "0-1"]
[WhiteElo "2077"]
[BlackElo "1964"]
[PlyCount "126"]
[EventDate "2017.06.19"]
[EventType "team-swiss"]
[EventRounds "9"]
[EventCountry "MKD"]
[SourceTitle "CBM 179 Extra"]
[Source "ChessBase"]
[SourceDate "2017.08.23"]
[SourceVersion "1"]
[SourceVersionDate "2017.08.23"]
[SourceQuality "1"]
[WhiteTeam "Poland"]
[BlackTeam "India"]
[WhiteTeamCountry "POL"]
[BlackTeamCountry "IND"]

1. d4 Nf6 2. Nf3 e6 3. c4 Bb4+ 4. Bd2 Qe7 5. Nc3 Bxc3 6. Bxc3 Ne4 7. Qd3 Nxc3 8. Qxc3 d6 9. g3 Nd7 10. Bg2 e5 11. 0-0 0-0 12. Rad1 c6 13. d5 c5 14. b4 cxb4 15. Qxb4 f5 16. Nd2 a5 17. Qa3 a4 18. Nb1 Nc5 19. Nc3 Bd7 20. Rb1 Rac8 21. Rb6 Rf6 22. e3 h5 23. h4 Rh6 24. f4 exf4 25. exf4 Qe3+ 26. Kh2 Ne4 27. Bxe4 Qxb6 28. Bd3 Qe3 29. Nd1 Qd2+ 30. Kh3 Rg6 31. Qc3 Qxc3 32. Nxc3 Re8 33. Be2 Re3 34. Rf3 Rxf3 35. Bxf3 Rh6 36. a3 g6 37. Kg2 Kg7 38. Kf2 Rh8 39. Ke3 Ra8 40. Kd4 Ra5 41. Be2 Kf6 42. Bf1 Rc5 43. Bd3 b6 44. Bf1 Rc8 45. Bd3 Rc5 46. Bf1 Ke7 47. Bd3 Kd8 48. Bf1 Kc7 49. Bd3 Kb7 50. Bf1 Ka6 51. Bd3 Ka5 52. Bf1 b5 53. cxb5 Bxb5 54. Bxb5 Rxb5 55. Nxb5 Kxb5 56. Kd3 Kc5 57. Kc3 Kxd5 58. Kb4 Kd4 59. Kxa4 Kc4 60. Ka5 d5 61. Kb6 d4 62. a4 d3 63. a5 d2 0-1

[Event "IBCA-ol blind 15th"]
[Site "Ohrid"]
[Date "2017.06.26"]
[Round "7.2"]
[White "Clemente Llamero, Roberto"]
[Black "Kishan, Gangolli"]
[Result "0-1"]
[WhiteElo "2157"]
[BlackElo "1964"]
[PlyCount "64"]
[EventDate "2017.06.19"]
[EventType "team-swiss"]
[EventRounds "9"]
[EventCountry "MKD"]
[SourceTitle "CBM 179 Extra"]
[Source "ChessBase"]
[SourceDate "2017.08.23"]
[SourceVersion "1"]
[SourceVersionDate "2017.08.23"]
[SourceQuality "1"]
[WhiteTeam "Spain"]
[BlackTeam "India"]
[WhiteTeamCountry "ESP"]
[BlackTeamCountry "IND"]

1. e4 e6 2. d4 d5 3. Nd2 Nf6 4. e5 Nfd7 5. Bd3 c5 6. c3 Nc6 7. Ne2 cxd4 8. cxd4 f6 9. exf6 Nxf6 10. 0-0 Bd6 11. Nf3 Qc7 12. Bg5 0-0 13. Bh4 Nh5 14. Qc2 h6 15. Bh7+ Kh8 16. Bg6 Rxf3 17. Bxh5 Bxh2+ 18. Kh1 Rf5 19. Bg6 Bd6 20. Bxf5 exf5 21. Rae1 Qf7 22. Bg3 Bb4 23. Rd1 Bd7 24. a3 Re8 25. Kg1 Ba5 26. f3 Bb6 27. Bf2 f4 28. Rfe1 g5 29. Nc3 Rg8 30. Na4 Bd8 31. Nc5 Bc8 32. Qe2 g4 0-1